00694nam a2200193Ia 4500003000900000008004100009040001600050080001500066100002600081245011200107260005900219300001600278650004100294650002600335650002600361942000700387999001500394952009100409IN-BaIIA211028s9999 xx 000 0 eng d cIIA Library a52-77bKEL aKellermann, K.913637 0aSerendipitous discoveries in radio astronomycK. Kellermann  aGreen BankbNational Radio Astronomy Observatoryc1983 aviii, 321p. aAstronomy and Astrophysics Thesaurus aRadar Astronomy92936 aRadio Astronomy92849 cBK c8081d8081 00104070aBANbBANcGENd1985-02-07l0o52-77/ KELp8916r2021-11-05w1985-02-07yBK